| 000 | 00000nam 2200000zi 4500 |
| 001 | 9.930213 |
| 003 | CaOODSP |
| 005 | 20231212161530 |
| 006 | m o d f |
| 007 | cr |n||||||||| |
| 008 | 231110e202212 oncd ob f000 0 eng d |
| 040 | |aCaOODSP|beng|erda|cCaOODSP |
| 043 | |an-cn--- |
| 086 | 1 |aJ2-893/4-2022E-PDF |
| 245 | 00|aDepartment of Justice Canada Legal Services Client Feedback Survey : |bsurvey results - cycle IV (2020-2022) / |cprepared by the Corporate Planning, Reporting and Risk Division, Management Sector. |
| 264 | 1|a[Ottawa] : |bDepartment of Justice Canada = Ministère de la justice Canada, |cDecember 2022. |
| 300 | |a1 online resource (iv, 35 pages) : |bcolour charts |
| 336 | |atext|btxt|2rdacontent |
| 337 | |acomputer|bc|2rdamedia |
| 338 | |aonline resource|bcr|2rdacarrier |
| 500 | |aIssued also in French under title: Ministère de la Justice Canada Sondage sur la satisfaction des clients des services juridiques : résultats du sondage – cycle IV (2020-2022). |
| 504 | |aIncludes bibliographical references. |
| 610 | 10|aCanada. |bDepartment of Justice|xEvaluation. |
| 650 | 0|aLegal services|zCanada|xEvaluation. |
| 710 | 1 |aCanada. |bDepartment of Justice, |eissuing body. |
| 775 | 08|tMinistère de la Justice Canada Sondage sur la satisfaction des clients des services juridiques : |w(CaOODSP)9.931388 |
| 856 | 40|qPDF|s898 KB|uhttps://publications.gc.ca/collections/collection_2023/jus/J2-893-4-2022-eng.pdf |
| 856 | 4 |qHTML|sN/A|uhttps://www.justice.gc.ca/eng/rp-pr/cp-pm/dpr-rr/2022/sur/index.html |